Loading...
| Fine Arts - Classical Music | 0 | 9 | 1 | 1 | 85 | 110 | 125.11 | 0 | 0 | 0.00 | 0.00 |
| History - European | 0 | 9 | 4 | 1 | 70 | 92 | 120.78 | 0 | 0 | 0.00 | 0.00 |
| Fine Arts - Other | 0 | 8 | 2 | 0 | 70 | 24 | 108.63 | 1 | 1 | 0.00 | 0.00 |
| History - Other | 0 | 7 | 1 | 2 | 65 | 105 | 125.71 | 0 | 0 | 0.00 | 0.00 |
| Literature - European | 0 | 7 | 2 | 1 | 60 | 96 | 131.57 | 0 | 1 | 0.00 | 0.00 |
| Social Science | 0 | 7 | 3 | 0 | 55 | 77 | 104.57 | 0 | 3 | 0.00 | 0.00 |
| History - American | 0 | 6 | 1 | 2 | 55 | 89 | 113.33 | 0 | 0 | 0.00 | 0.00 |
| Philosophy | 0 | 6 | 1 | 1 | 55 | 110 | 128.83 | 0 | 0 | 0.00 | 0.00 |
| Literature - World | 0 | 5 | 0 | 1 | 50 | 125 | 133.20 | 0 | 0 | 0.00 | 0.00 |
| History - World | 0 | 6 | 3 | 0 | 45 | 113 | 123.00 | 0 | 0 | 0.00 | 0.00 |
| Literature - British | 0 | 6 | 3 | 2 | 45 | 86 | 127.00 | 0 | 0 | 0.00 | 0.00 |
| Current Events | 0 | 4 | 0 | 2 | 40 | 92 | 118.50 | 0 | 0 | 0.00 | 0.00 |
| Religion | 0 | 5 | 2 | 1 | 40 | 102 | 113.80 | 0 | 0 | 0.00 | 0.00 |
| Other Academic | 0 | 3 | 0 | 1 | 30 | 94 | 112.33 | 0 | 0 | 0.00 | 0.00 |
| Geography | 0 | 3 | 1 | 1 | 25 | 39 | 97.00 | 1 | 1 | 0.00 | 0.00 |
| Science - Chemistry | 0 | 3 | 1 | 1 | 25 | 130 | 132.33 | 0 | 0 | 0.00 | 0.00 |
| Mythology | 0 | 3 | 2 | 0 | 20 | 99 | 104.67 | 0 | 2 | 0.00 | 0.00 |
| Science - Other | 0 | 2 | 0 | 0 | 20 | 101 | 105.00 | 0 | 0 | 0.00 | 0.00 |
| Fine Arts - Painting & Sculpture | 0 | 3 | 2 | 1 | 20 | 121 | 133.67 | 0 | 0 | 0.00 | 0.00 |
| Literature - American | 0 | 3 | 3 | 0 | 15 | 90 | 118.67 | 0 | 0 | 0.00 | 0.00 |
| Science - Physics | 0 | 1 | 0 | 0 | 10 | 127 | 127.00 | 0 | 0 | 0.00 | 0.00 |
| Science - Biology | 0 | 2 | 4 | 1 | 0 | 104 | 128.00 | 0 | 0 | 0.00 | 0.00 |